01088agaaa2200241 45000010005000000030009000050050017000140070009000310080040000400400023000800410013001031000048001161300085001642450259002492500022005082600085005303000022006155200054006375380016006915460013007076500066007207000060007868619IT-RoPAU20220918181310.0d cvaizq50131s9999||||xx ||| | || ||und|| aIT-RoPAUcIT-RoPAU aITALIANO aVezzani LorenzogCodice regista SPICS: 1405 aMONTAGGIO PUBBLICITA' TV-SCHEDATURA ALFABETICA DEI PRODOTTI REGISTRATI SU 35 VHS aMONTAGGIO PUBBLICITA' TV-SCHEDATURA ALFABETICA DEI PRODOTTI REGISTRATI SU 35 VHScProdotto da: Spics-Roma Diretto da: Vezzani LorenzopMONTAGGIO PUBBLICITA' TV-SCHEDATURA ALFABETICA DEI PRODOTTI REGISTRATI SU 35 VHS (Rif. Codice opera principale : 48619) aEdizione Standard aROMA (ITALIA)bSPICS RECORDS / c"1988 (1° ed.: 1988 ; Ed. Lingua Orig.: 1988)" aVHSbsonoro, col. aSPOT-PUBBLICITARI-REGISTRATI-SU-VIDEOCASSETTA-VHS aPAL, STEREO aITALIANO aPUBBLICITA'eSCHEDE TELEVISIVE []xCodice MATERIA SPICS: 6964 aVezzani Lorenzo e(regista)gCodice regista SPICS: 1405